Score 0/38 Timer 04:00
0 Plays Today
1950s Movie Missing Word % Correct
___ in WonderlandAlice
99.3%
Cheaper by the ___Dozen
96.9%
The Day the ___ Stood StillEarth
94.6%
Jailhouse ___Rock
94.3%
Rebel without a ___Cause
90.8%
___ of a SalesmanDeath
88.1%
___ YellerOld
85%
___ M for MurderDial
83.5%
Invasion of the Body ___Snatchers
83.3%
___ on a Hot Tin RoofCat
82.7%
The ___ Show on EarthGreatest
79.7%
Creature from the ___ LagoonBlack
79.7%
___ of WaxHouse
79.5%
The ___ and IKing
78.9%
___ Get Your GunAnnie
78.4%
All About ___Eve
77.6%
The Man Who ___ Too MuchKnew
77.1%
The ___ on the River KwaiBridge
74.9%
___ Prefer BlondesGentlemen
74.5%
1950s Movie Missing Word % Correct
From Here to ___Eternity
72.2%
How to ___ a MillionaireMarry
69.8%
___ of EdenEast
69.5%
The African ___Queen
67.5%
The ___ Shrinking ManIncredible
66.2%
I Was a ___ WerewolfTeenage
65.4%
An ___ in ParisAmerican
64.6%
A ___ in the CrowdFace
61.3%
Attack of the 50 Foot ___Woman
58.1%
An ___ to RememberAffair
55.3%
Witness for the ___Prosecution
54.9%
___ de BergeracCyrano
50.5%
The Caine ___Mutiny
50.3%
The Asphalt ___Jungle
49.2%
My ___ GodfreyMan
46.8%
___ at the O.K. CorralGunfight
46.3%
Darby O'Gill and the ___ PeopleLittle
43.4%
The ___ of the HunterNight
35.6%
___ 9 from Outer SpacePlan
34.6%

Today's Daily Dose

Remove Ads.
Support Sporcle.
Get the best of Sporcle when you Go Orange. This ad-free experience offers more features, more stats, and more fun while also helping to support Sporcle. Thank you for becoming a member.

You're not logged in!

Compare scores with friends on all Sporcle quizzes.
OR
Log In

Show Comments

Extras

Top Quizzes Today


Score Distribution

Your Account Isn't Verified!

In order to create a playlist on Sporcle, you need to verify the email address you used during registration. Go to your Sporcle Settings to finish the process.

Report this User

Report this user for behavior that violates our Community Guidelines.

Details: